000 00306nam a22001457a 4500
008 230707b ||||| |||| 00| 0 eng d
020 _a9780387915210
041 _aeng
080 _a573
082 _a573JUR
100 _a15
101 _aBIOL
245 _aANIMAL BIOLOGY
_cJURD.D.R
942 _2udc
_cBK
999 _c60126
_d60126